[Event "20th Biel Festival"]
[Site "Biel SUI"]
[Date "1987.07.15"]
[Round "1"]
[White "Polgar, Zsuzsa"]
[Black "Gulko, Boris"]
[Result "1/2-1/2"]
[WhiteElo "2485"]
[BlackElo "2565"]
[EventDate "1987.07.15"]
[PlyCount "64"]

1.d4 d6 2.Nf3 Nf6 3.g3 Bf5 4.Bg2 Qc8 5.c4 g6 6.Nc3 Bg7 7.b3 O-O 8.O-O c6 
9.Bb2 Na6 10.Re1 Ne4 11.Nh4 Nxc3 12.Bxc3 Bh3 13.Nf3 Bg4 14.Qd2 Rb8 15.Rac1
c5 16.dxc5 Qxc5 17.Bd4 Bxd4 18.Nxd4 Bd7 19.Red1 Nb4 20.Nf3 Bg4 21.a3 Nc6 
22.b4 Qf5 23.Nd4 Qd7 24.Nb3 Rfc8 25.Bd5 b6 26.f3 Be6 27.f4 Rc7 28.Rc3 Rbc8
29.Rdc1 Bh3 30.Qd3 Bf5 31.Qd2 Bh3 32.Qd3 Bf5 1/2-1/2

[Event "20th Biel Festival"]
[Site "Biel SUI"]
[Date "1987.07.15"]
[Round "1"]
[White "Huebner, Robert"]
[Black "Hort, Vlastimil"]
[Result "0-1"]
[WhiteElo "2610"]
[BlackElo "2570"]
[EventDate "1987.07.15"]
[PlyCount "110"]

1.e4 Nf6 2.e5 Nd5 3.d4 d6 4.c4 Nb6 5.f4 dxe5 6.fxe5 Nc6 7.Be3 Bf5 8.Nc3 e6
9.Nf3 Bg4 10.Qd2 Bb4 11.a3 Be7 12.Ne4 Qd7 13.Be2 O-O-O 14.O-O-O Bf5 15.Ng3
Bg6 16.h4 Nb4 17.b3 Nc2 18.c5 Qc6 19.Bd3 Nxe3 20.Qxe3 Nd5 21.Qf2 Bxd3 22.
Rxd3 Qa6 23.Rhd1 Qxa3+ 24.Qb2 Qxb2+ 25.Kxb2 f5 26.Ne2 h6 27.h5 g5 28.hxg6 
Rdg8 29.Rh1 Rxg6 30.g3 h5 31.Rh3 Rg4 32.Nc3 Nxc3 33.Kxc3 Kd7 34.b4 c6 35.
Nd2 b5 36.Kc2 Kc7 37.Kd1 f4 38.gxf4 Rxf4 39.Ke2 h4 40.Ke3 Rg4 41.Ne4 Rg1 
42.Ra3 Kb8 43.Rh2 Rf8 44.Raa2 Rb1 45.Nf6 Bxf6 46.exf6 Rxf6 47.Rxh4 Rf7 48.
Ke4 Rd7 49.Ke5 Rxb4 50.Rd2 a5 51.Kxe6 Kc7 52.Ke5 Re7+ 53.Kf6 Rd7 54.Ke5 a4
55.Ke4 Rc4 0-1

[Event "20th Biel Festival"]
[Site "Biel SUI"]
[Date "1987.07.15"]
[Round "1"]
[White "Chandler, Murray Graham"]
[Black "Romanishin, Oleg"]
[Result "1/2-1/2"]
[WhiteElo "2575"]
[BlackElo "2555"]
[EventDate "1987.07.15"]
[PlyCount "44"]

1.e4 e5 2.Nf3 Nc6 3.Bc4 Nf6 4.d3 Be7 5.O-O d6 6.c3 O-O 7.Bb3 Na5 8.Bc2 c5 
9.b4 cxb4 10.cxb4 Nc6 11.b5 Na5 12.Bb2 Bg4 13.h3 Bxf3 14.Qxf3 Rc8 15.Qe2 
Qb6 16.Nc3 Nc6 17.bxc6 Qxb2 18.Na4 Qb5 19.cxb7 Qxb7 20.Bb3 Bd8 21.Rac1 Ba5
22.Qe3 h6 1/2-1/2

[Event "20th Biel Festival"]
[Site "Biel SUI"]
[Date "1987.07.16"]
[Round "2"]
[White "Campora, Daniel Hugo"]
[Black "Gulko, Boris"]
[Result "1-0"]
[WhiteElo "2545"]
[BlackElo "2565"]
[EventDate "1987.07.15"]
[PlyCount "101"]

1.e4 e6 2.d4 d5 3.Nc3 Bb4 4.e5 b6 5.Qg4 Bf8 6.Nd1 c5 7.c3 Nc6 8.Nf3 Qc7 9.
Bf4 Nge7 10.Rc1 Ng6 11.Bd2 f5 12.Qh5 Be7 13.h4 Bd7 14.g4 O-O-O 15.gxf5 
exf5 16.Bd3 Rdf8 17.Ng5 c4 18.Bc2 Nd8 19.Ne3 Qb7 20.Ng2 Bxg5 21.hxg5 Ne6 
22.f4 Qa6 23.Ra1 Ba4 24.b3 Bxb3 25.Bxb3 cxb3 26.Qe2 Qa3 27.Qb5 b2 28.Rb1 
Qxa2 29.Rxb2 Qc4 30.Qxc4+ dxc4 31.Rb4 Ne7 32.Rxc4+ Kb7 33.Ke2 b5 34.Rb1 a6
35.Ra4 Nd5 36.Ne3 Nexf4+ 37.Kf3 Nxe3 38.c4 Nxc4 39.Rxc4 Nd5 40.Rc5 Rd8 41.
Ba5 Rd7 42.Rbc1 h6 43.g6 b4 44.R5c4 Re8 45.Bxb4 Re6 46.Bd6 Rxg6 47.Rb1+ 
Ka7 48.Rc6 Ne7 49.Rcb6 f4 50.e6 Rd8 51.Bxe7 1-0

[Event "20th Biel Festival"]
[Site "Biel SUI"]
[Date "1987.07.17"]
[Round "3"]
[White "Chandler, Murray Graham"]
[Black "Lobron, Eric"]
[Result "1-0"]
[WhiteElo "2575"]
[BlackElo "2530"]
[EventDate "1987.07.15"]
[PlyCount "55"]

1.e4 c5 2.Nf3 d6 3.d4 cxd4 4.Nxd4 Nf6 5.Nc3 Nc6 6.Bg5 e6 7.Qd2 Be7 8.O-O-O
Nxd4 9.Qxd4 O-O 10.f3 e5 11.Qd2 Be6 12.Kb1 Rc8 13.h4 Rc5 14.a3 Qb8 15.Be3 
Rcc8 16.Bd3 b5 17.Nd5 Bxd5 18.exd5 Bd8 19.Bf5 Rc4 20.b3 Rc7 21.g4 g6 22.
Bh6 Re8 23.h5 Nxd5 24.Qxd5 gxf5 25.gxf5 Kh8 26.Rhg1 f6 27.Bg7+ Rxg7 28.
Rxg7 1-0

[Event "20th Biel Festival"]
[Site "Biel SUI"]
[Date "1987.07.18"]
[Round "4"]
[White "Hort, Vlastimil"]
[Black "Gulko, Boris"]
[Result "1/2-1/2"]
[WhiteElo "2570"]
[BlackElo "2565"]
[EventDate "1987.07.15"]
[PlyCount "148"]

1.d4 Nf6 2.c4 g6 3.Nf3 Bg7 4.g3 b6 5.Bg2 Bb7 6.O-O O-O 7.Nc3 Ne4 8.Nxe4 
Bxe4 9.Be3 d5 10.Qc1 c6 11.Rd1 dxc4 12.Qxc4 b5 13.Qb3 Nd7 14.Ne5 Bxg2 15.
Kxg2 Qc7 16.f4 Nb6 17.Rac1 Bxe5 18.dxe5 Nc4 19.Bc5 Rfd8 20.Qc3 Rxd1 21.
Rxd1 Rd8 22.Rd4 Rd5 23.Rxd5 cxd5 24.Bd4 Qb7 25.b3 b4 26.Qc1 Na3 27.Qc5 Qa6
28.Kf2 Nb5 29.Qxd5 Nxd4 30.Qd8+ Kg7 31.Qxd4 e6 32.Qxb4 Qxa2 33.Qc4 a5 34.
g4 Qa1 35.Kg2 Qa2 36.Kf2 Qa1 37.Qe4 Qd1 38.Qd3 Qh1 39.Qg3 Qe4 40.Qe3 Qh1 
41.Qg3 Qe4 42.Qe3 Qh1 43.h3 Qh2+ 44.Ke1 Qh1+ 45.Kd2 Qb1 46.Qc3 Qf1 47.Qg3 
Qb1 48.h4 Qb2+ 49.Ke1 Qc1+ 50.Kf2 Qc5+ 51.Qe3 Qd5 52.Kg3 Qh1 53.Qf3 Qg1+ 
54.Kh3 Qd1 55.h5 gxh5 56.gxh5 h6 57.Kh4 Kf8 58.Kg4 Kg7 59.Qd3 Qf1 60.Qe4 
Qd1 61.Qe3 Qh1 62.Qg3 Qd1 63.Kf3+ Kf8 64.Kf2 a4 65.bxa4 Qxa4 66.Qh4 Qd4+ 
67.Kf3 Qd1 68.Qg4 Qf1+ 69.Ke3 Qe1 70.Qg2 Qc1+ 71.Kf3 Qc6+ 72.e4 Qc3+ 73.
Kg4 Qe3 74.Qf3 Qxf3+ 1/2-1/2

[Event "20th Biel Festival"]
[Site "Biel SUI"]
[Date "1987.07.19"]
[Round "5"]
[White "Gulko, Boris"]
[Black "Lobron, Eric"]
[Result "1-0"]
[WhiteElo "2565"]
[BlackElo "2530"]
[EventDate "1987.07.15"]
[PlyCount "81"]

1.d4 Nf6 2.c4 e6 3.Nf3 c5 4.d5 exd5 5.cxd5 d6 6.Nc3 g6 7.Nd2 Nbd7 8.e4 Bg7
9.Nc4 Nb6 10.Ne3 O-O 11.Bd3 Nbd7 12.O-O Ne5 13.Be2 Re8 14.Bd2 a6 15.a4 Rb8
16.a5 g5 17.b3 g4 18.Qc2 Kh8 19.Nc4 Nh5 20.Rae1 Rg8 21.Kh1 Nxc4 22.bxc4 
Qxa5 23.f4 Qd8 24.g3 Re8 25.Bd3 h6 26.e5 b5 27.Ne4 dxe5 28.fxe5 bxc4 29.
Nd6 cxd3 30.Nxf7+ Kg8 31.Qxd3 c4 32.Qe4 Nf6 33.Nxh6+ Bxh6 34.Qg6+ Kh8 35.
Bxh6 Qxd5+ 36.Kg1 Rg8 37.Qxf6+ Kh7 38.Qh4 Rg6 39.e6 Rxh6 40.Qe7+ Kg6 41.
Rf6+ 1-0

[Event "20th Biel Festival"]
[Site "Biel SUI"]
[Date "1987.07.19"]
[Round "5"]
[White "Romanishin, Oleg"]
[Black "Hort, Vlastimil"]
[Result "1/2-1/2"]
[WhiteElo "2555"]
[BlackElo "2570"]
[EventDate "1987.07.15"]
[PlyCount "67"]

1.e4 e6 2.d4 d5 3.e5 c5 4.c3 Nc6 5.Nf3 Bd7 6.Be2 Nge7 7.O-O Nf5 8.Bd3 cxd4
9.Bxf5 exf5 10.Nxd4 Be7 11.Nf3 Be6 12.Be3 g5 13.Na3 f4 14.Bd4 Rg8 15.Ne1 
Nxd4 16.Qxd4 Qa5 17.Nec2 h5 18.Qd3 O-O-O 19.Nd4 g4 20.Nab5 a6 21.Nxe6 fxe6
22.Nd4 Qb6 23.b4 Rg5 24.Rae1 Kd7 25.Qd2 Rc8 26.a3 Rc4 27.g3 f3 28.Nb3 Kc8 
29.Na5 Rc7 30.c4 dxc4 31.Rc1 Kb8 32.Nxc4 Qb5 33.Nd6 Qd5 34.Rxc7 1/2-1/2

[Event "20th Biel Festival"]
[Site "Biel SUI"]
[Date "1987.07.19"]
[Round "5"]
[White "Chandler, Murray Graham"]
[Black "Campora, Daniel Hugo"]
[Result "0-1"]
[WhiteElo "2575"]
[BlackElo "2545"]
[EventDate "1987.07.15"]
[PlyCount "66"]

1.e4 c6 2.d4 d5 3.Nd2 dxe4 4.Nxe4 Bf5 5.Ng3 Bg6 6.h4 h6 7.f4 e6 8.Nf3 Nf6 
9.Ne5 Bh7 10.Bc4 Nbd7 11.O-O Qe7 12.Bb3 O-O-O 13.Qf3 Nd5 14.c4 Nb4 15.Be3 
Nxe5 16.dxe5 Qxh4 17.Rad1 Rd3 18.Rxd3 Nxd3 19.Bxa7 Bc5+ 20.Bxc5 Nxc5 21.
Qe3 Rd8 22.Rd1 Nxb3 23.Rxd8+ Qxd8 24.axb3 g5 25.fxg5 hxg5 26.Kf2 f5 27.Ne2
f4 28.Qa7 Qd2 29.Qc5 Bd3 30.Qf8+ Kc7 31.Qd6+ Kb6 32.Qd8+ Ka7 33.Kg1 f3 0-1

[Event "20th Biel Festival"]
[Site "Biel SUI"]
[Date "1987.07.19"]
[Round "5"]
[White "Polgar, Zsuzsa"]
[Black "Huebner, Robert"]
[Result "1/2-1/2"]
[WhiteElo "2485"]
[BlackElo "2610"]
[EventDate "1987.07.15"]
[PlyCount "36"]

1.d4 d5 2.c4 dxc4 3.Nf3 Nf6 4.e3 e6 5.Bxc4 a6 6.O-O c5 7.dxc5 Qxd1 8.Rxd1 
Bxc5 9.a3 b5 10.Be2 Ke7 11.b4 Bd6 12.Bb2 Bb7 13.Nbd2 Nbd7 14.Nb3 Rhc8 15.
Rac1 Bd5 16.Nfd2 Ne4 17.Nxe4 Bxe4 18.Na5 Rxc1 1/2-1/2

[Event "20th Biel Festival"]
[Site "Biel SUI"]
[Date "1987.07.21"]
[Round "6"]
[White "Campora, Daniel Hugo"]
[Black "Hort, Vlastimil"]
[Result "1/2-1/2"]
[WhiteElo "2545"]
[BlackElo "2570"]
[EventDate "1987.07.15"]
[PlyCount "48"]

1.e4 e5 2.Nf3 Nc6 3.Nc3 Nf6 4.Bb5 Bb4 5.O-O O-O 6.d3 d6 7.Bg5 Bxc3 8.bxc3 
Qe7 9.Re1 Nd8 10.d4 Ne6 11.Bc1 Rd8 12.Bf1 c6 13.a4 Nf8 14.h3 Ng6 15.a5 h6 
16.c4 c5 17.d5 Bd7 18.Ra3 Rf8 19.Nh2 Rae8 20.g3 Qd8 21.h4 Qc8 22.h5 Nh8 
23.Bg2 Ng4 24.f4 Nxh2 1/2-1/2

[Event "20th Biel Festival"]
[Site "Biel SUI"]
[Date "1987.07.21"]
[Round "6"]
[White "Chandler, Murray Graham"]
[Black "Polgar, Zsuzsa"]
[Result "1/2-1/2"]
[WhiteElo "2575"]
[BlackElo "2485"]
[EventDate "1987.07.15"]
[PlyCount "112"]

1.e4 c5 2.Nf3 Nc6 3.d4 cxd4 4.Nxd4 Nf6 5.Nc3 e5 6.Ndb5 d6 7.Nd5 Nxd5 8.
exd5 Nb8 9.c4 Be7 10.Bd3 O-O 11.O-O a6 12.Nc3 f5 13.f3 Nd7 14.Be3 g5 15.
Qc2 e4 16.fxe4 f4 17.e5 Nxe5 18.Bxh7+ Kh8 19.Bd4 Bf6 20.Ne2 Ng4 21.Be4 
Bxd4+ 22.Nxd4 Ne3 23.Qc3 Qf6 24.Rfe1 Bd7 25.Rac1 Rfe8 26.Ne6 Qxc3 27.Rxc3 
Bxe6 28.dxe6 Rxe6 29.Bxb7 Rb8 30.Rb3 Re7 31.Bxa6 Ra8 32.Rb6 Nxc4 33.Rb8+ 
Rxb8 34.Rxe7 Nxb2 35.Kf2 Ra8 36.Be2 Rxa2 37.Kf3 Na4 38.Kg4 Nc3 39.Bf3 Ra5 
40.Rd7 Nd5 41.Rd8+ Kg7 42.Kxg5 Nc7+ 43.Kg4 Ne6 44.Rxd6 Rg5+ 45.Kh4 Rg6 46.
Be4 Rh6+ 47.Kg4 Nc5 48.Rxh6 Kxh6 49.Kxf4 Nd7 50.Kf5 Kg7 51.g4 Nf6 52.g5 
Ng8 53.Ke6 Nh6 54.gxh6+ Kh8 55.Bd5 Kh7 56.Kf7 Kh8 1/2-1/2

[Event "20th Biel Festival"]
[Site "Biel SUI"]
[Date "1987.07.22"]
[Round "7"]
[White "Polgar, Zsuzsa"]
[Black "Campora, Daniel Hugo"]
[Result "0-1"]
[WhiteElo "2485"]
[BlackElo "2545"]
[EventDate "1987.07.15"]
[PlyCount "160"]

1.d4 d5 2.Nf3 Nf6 3.c4 e6 4.Nc3 Be7 5.Bg5 h6 6.Bxf6 Bxf6 7.e3 O-O 8.Qb3 c6
9.Rd1 Nd7 10.Bd3 g6 11.O-O Bg7 12.cxd5 exd5 13.e4 dxe4 14.Nxe4 Nb6 15.Nc5 
Qd5 16.Qxd5 Nxd5 17.Ne5 Rd8 18.Bc2 g5 19.Rfe1 f6 20.Nc4 Kf7 21.Ne3 b6 22.
Nxd5 Rxd5 23.Nd3 Rd6 24.Bb3+ Kf8 25.d5 c5 26.f4 Bf5 27.fxg5 hxg5 28.Nf2 b5
29.g4 Bg6 30.Rd2 Rad8 31.a4 a6 32.axb5 axb5 33.Ne4 Bxe4 34.Rxe4 c4 35.Bc2 
f5 36.gxf5 Rxd5 37.Rg2 Rd2 38.Ree2 Rxe2 39.Rxe2 Bxb2 40.Kg2 Bf6 41.Re6 Kf7
42.Be4 b4 43.Rb6 b3 44.Rb4 b2 45.Rxc4 Re8 46.Bd3 Re3 47.Bb1 Re1 48.Bd3 
b1=Q 49.Bxb1 Rxb1 50.h4 gxh4 51.Rf4 Bg5 52.Rf2 Kf6 53.Rf3 Ke5 54.Rf2 Be3 
55.Re2 Ke4 56.f6 Rb6 57.Ra2 Rxf6 58.Ra4+ Bd4 59.Kh3 Rf4 60.Ra3 Kf5 61.Ra8 
Rf3+ 62.Kg2 Rd3 63.Rf8+ Bf6 64.Kh2 Kg6 65.Rg8+ Kh5 66.Re8 Kg4 67.Re1 Bg5 
68.Rg1+ Kf5 69.Kg2 Bf4 70.Rb1 Kg4 71.Rg1 Bg3 72.Kh1 Kh3 73.Rg2 Rd1+ 74.Rg1
Rd2 75.Rg2 Bf2 76.Rh2+ Kg4 77.Rg2+ Kf3 78.Kh2 Rd1 79.Kh3 Rb1 80.Rh2 Bg3 
0-1

[Event "20th Biel Festival"]
[Site "Biel SUI"]
[Date "1987.07.22"]
[Round "7"]
[White "Romanishin, Oleg"]
[Black "Huebner, Robert"]
[Result "1/2-1/2"]
[WhiteElo "2555"]
[BlackElo "2610"]
[EventDate "1987.07.15"]
[PlyCount "36"]

1.c4 e5 2.Nc3 Nf6 3.Nf3 Nc6 4.g3 d5 5.cxd5 Nxd5 6.Bg2 Nb6 7.O-O Be7 8.d3 
O-O 9.Be3 Be6 10.Qc1 h6 11.Rd1 Nd5 12.d4 Nxe3 13.Qxe3 exd4 14.Nxd4 Nxd4 
15.Rxd4 Qc8 16.Nd5 Bxd5 17.Rxd5 c6 18.Rd3 Bg5 1/2-1/2

[Event "20th Biel Festival"]
[Site "Biel SUI"]
[Date "1987.07.23"]
[Round "8"]
[White "Gulko, Boris"]
[Black "Polgar, Zsuzsa"]
[Result "1-0"]
[WhiteElo "2565"]
[BlackElo "2485"]
[EventDate "1987.07.15"]
[PlyCount "105"]

1.c4 e6 2.d4 Nf6 3.Nf3 d5 4.g3 dxc4 5.Bg2 c5 6.O-O Nc6 7.Qa4 cxd4 8.Nxd4 
Qxd4 9.Bxc6+ Bd7 10.Be3 Bxc6 11.Qxc6+ Qd7 12.Qxc4 Be7 13.Nc3 O-O 14.Rfd1 
Qc8 15.Qb5 a6 16.Qb6 Bd8 17.Qb4 b5 18.Rd3 Re8 19.Rc1 Be7 20.Qb3 Qb8 21.Bd4
Rd8 22.Rcd1 Qc7 23.a4 bxa4 24.Qxa4 e5 25.Be3 Rxd3 26.Rxd3 Qb7 27.Rd2 Bb4 
28.Bg5 Bxc3 29.bxc3 Qb5 30.Qd1 Qe8 31.Bxf6 gxf6 32.Rd6 Qe7 33.e4 a5 34.Rd7
Qe8 35.Qd5 Rc8 36.c4 Qe6 37.Ra7 Qxd5 38.cxd5 Rc1+ 39.Kg2 Ra1 40.g4 h6 41.
Kf3 a4 42.Ra8+ Kg7 43.Ke2 Ra2+ 44.Kd3 Ra1 45.Kc4 Kg6 46.d6 Rd1 47.Kc5 Kg5 
48.Kc6 Kxg4 49.d7 Kh3 50.Rxa4 Kxh2 51.Ra5 Rxd7 52.Kxd7 Kg2 53.Ke7 1-0

[Event "20th Biel Festival"]
[Site "Biel SUI"]
[Date "1987.07.23"]
[Round "8"]
[White "Hort, Vlastimil"]
[Black "Huebner, Robert"]
[Result "1/2-1/2"]
[WhiteElo "2570"]
[BlackElo "2610"]
[EventDate "1987.07.15"]
[PlyCount "58"]

1.d4 d5 2.c4 dxc4 3.Nf3 Nf6 4.e3 e6 5.Bxc4 a6 6.O-O c5 7.Qe2 b5 8.Bd3 Bb7 
9.a4 b4 10.Nbd2 Nbd7 11.e4 cxd4 12.e5 Nd5 13.Nb3 Nc5 14.Nxc5 Bxc5 15.Bd2 
h6 16.Rfc1 Qe7 17.a5 O-O 18.Rc4 Rfd8 19.Re1 Rac8 20.h3 b3 21.Qe4 f5 22.
exf6 Nxf6 23.Qxe6+ Qxe6 24.Rxe6 Bd5 25.Rxa6 Bxc4 26.Bxc4+ Kh7 27.Bd3+ Kg8 
28.Bc4+ Kh7 29.Bd3+ Kg8 1/2-1/2

[Event "20th Biel Festival"]
[Site "Biel SUI"]
[Date "1987.07.23"]
[Round "8"]
[White "Campora, Daniel Hugo"]
[Black "Lobron, Eric"]
[Result "1-0"]
[WhiteElo "2545"]
[BlackElo "2530"]
[EventDate "1987.07.15"]
[PlyCount "75"]

1.e4 c5 2.Nf3 d6 3.d4 cxd4 4.Nxd4 Nf6 5.Nc3 Nc6 6.Bg5 e6 7.Qd2 a6 8.O-O-O 
h6 9.Be3 Bd7 10.f3 b5 11.Nxc6 Bxc6 12.Ne2 Qc7 13.Nd4 Bd7 14.g4 Rc8 15.Kb1 
e5 16.Nf5 Be6 17.c4 bxc4 18.Nxd6+ Bxd6 19.Qxd6 Qb7 20.Ka1 Nd7 21.Be2 Rc6 
22.Qa3 f6 23.h4 Kf7 24.g5 c3 25.bxc3 Rhc8 26.c4 Bxc4 27.Bxc4+ Rxc4 28.Qd6 
Nc5 29.Rb1 Qc6 30.Qxc6 Rxc6 31.gxh6 gxh6 32.Bxh6 Rc2 33.h5 Nd3 34.Rhd1 
R6c3 35.Rb7+ Kg8 36.Rd7 Ra3 37.Rg1+ Kh8 38.Bg7+ 1-0

[Event "20th Biel Festival"]
[Site "Biel SUI"]
[Date "1987.07.24"]
[Round "9"]
[White "Chandler, Murray Graham"]
[Black "Hort, Vlastimil"]
[Result "1-0"]
[WhiteElo "2575"]
[BlackElo "2570"]
[EventDate "1987.07.15"]
[PlyCount "73"]

1.e4 Nf6 2.e5 Nd5 3.d4 d6 4.Nf3 c6 5.Bd3 Bg4 6.h3 Bxf3 7.Qxf3 e6 8.exd6 
Bxd6 9.O-O Qf6 10.Qxf6 gxf6 11.Re1 Nd7 12.c4 Nf4 13.Bf1 Rg8 14.Kh1 f5 15.
Nc3 Ke7 16.Rb1 Rg6 17.b4 Rag8 18.c5 Bc7 19.Bxf4 Bxf4 20.Re2 Nf6 21.b5 Rd8 
22.Rb4 Nh5 23.bxc6 bxc6 24.Reb2 Bc1 25.Rc2 Bh6 26.g3 Bg7 27.Ne2 e5 28.dxe5
Bxe5 29.Bg2 Rd1+ 30.Kh2 a5 31.Rb7+ Rd7 32.Rxd7+ Kxd7 33.f4 Bg7 34.Bf3 Nf6 
35.Nd4 Kc7 36.Nxc6 Ne4 37.Ne7 1-0

[Event "20th Biel Festival"]
[Site "Biel SUI"]
[Date "1987.07.24"]
[Round "9"]
[White "Huebner, Robert"]
[Black "Lobron, Eric"]
[Result "1/2-1/2"]
[WhiteElo "2610"]
[BlackElo "2530"]
[EventDate "1987.07.15"]
[PlyCount "84"]

1.e4 c5 2.Nf3 d6 3.d4 cxd4 4.Nxd4 Nf6 5.Nc3 Nc6 6.Bg5 e6 7.Qd2 a6 8.O-O-O 
h6 9.Bf4 Bd7 10.Nxc6 Bxc6 11.Qe1 Be7 12.Kb1 Qc7 13.f3 Rd8 14.h4 b5 15.g4 
b4 16.Ne2 e5 17.Bd2 Nxe4 18.fxe4 Bxe4 19.Rh3 Bxc2+ 20.Ka1 Bxd1 21.Qxd1 a5 
22.Ng3 d5 23.Nf5 Kf8 24.Rf3 Kg8 25.Bg2 Bf8 26.g5 h5 27.Rf1 g6 28.Nh6+ Rxh6
29.gxh6 Rd6 30.Bg5 Qd7 31.Qf3 f5 32.Qe3 e4 33.Qd4 Kh7 34.Rd1 Qf7 35.Qe5 
Rd7 36.Bf1 Bxh6 37.Bxh6 Kxh6 38.Bb5 Re7 39.Qh8+ Qh7 40.Qf6 Qf7 41.Qh8+ Qh7
42.Qf6 Qf7 1/2-1/2

[Event "20th Biel Festival"]
[Site "Biel SUI"]
[Date "1987.07.25"]
[Round "10"]
[White "Lobron, Eric"]
[Black "Chandler, Murray Graham"]
[Result "1/2-1/2"]
[WhiteElo "2530"]
[BlackElo "2575"]
[EventDate "1987.07.15"]
[PlyCount "122"]

1.e4 c5 2.Nf3 Nc6 3.d4 cxd4 4.Nxd4 Nf6 5.Nc3 e6 6.Ndb5 Bb4 7.a3 Bxc3+ 8.
Nxc3 d5 9.exd5 exd5 10.Bd3 O-O 11.O-O d4 12.Ne2 Bg4 13.Bf4 Re8 14.Re1 Qb6 
15.b4 Ne5 16.Bxe5 Rxe5 17.Qd2 Bxe2 18.Rxe2 Rxe2 19.Bxe2 g6 20.Rd1 Rd8 21.
Bf3 Kg7 22.h4 h6 23.g3 Rd7 24.Qf4 a5 25.bxa5 Qc5 26.g4 Qxa3 27.g5 hxg5 28.
hxg5 Nh7 29.Qe5+ Kg8 30.Kg2 Qe7 31.Qxe7 Rxe7 32.Rxd4 Nxg5 33.Bd5 Rc7 34.
Rc4 Rd7 35.Rc8+ Kg7 36.c4 Ne6 37.Kf3 Kf6 38.Ke4 Ke7 39.Ke3 Kd6 40.Kd2 Nc5 
41.Kc3 Re7 42.Rf8 g5 43.Rg8 f6 44.Rg6 Ke5 45.Kb4 Nd3+ 46.Kb5 Nf4 47.Rh6 
Nxd5 48.cxd5 Rd7 49.Kb6 Rxd5 50.Rh7 Rd2 51.Kxb7 Rxf2 52.Re7+ Kd6 53.Rg7 
Rb2+ 54.Ka7 Ke5 55.a6 Kf4 56.Rb7 Ra2 57.Rb4+ Kg3 58.Rb3+ Kg4 59.Rb4+ Kh3 
60.Rb3+ Kg4 61.Rb4+ Kh3 1/2-1/2

[Event "20th Biel Festival"]
[Site "Biel SUI"]
[Date "1987.07.25"]
[Round "10"]
[White "Campora, Daniel Hugo"]
[Black "Huebner, Robert"]
[Result "1/2-1/2"]
[WhiteElo "2545"]
[BlackElo "2610"]
[EventDate "1987.07.15"]
[PlyCount "80"]

1.e4 e6 2.d4 d5 3.Nd2 c5 4.Ngf3 cxd4 5.exd5 Qxd5 6.Bc4 Qd6 7.O-O Nf6 8.Nb3
Nc6 9.Nbxd4 Nxd4 10.Nxd4 a6 11.c3 Qc7 12.Qe2 Bd6 13.h3 O-O 14.Bb3 b5 15.
Bg5 Bb7 16.Bc2 Nd5 17.Rfe1 Bh2+ 18.Kh1 Bf4 19.Qg4 Bxg5 20.Qxg5 Rfd8 21.
Rad1 Nf6 22.Qe5 Qb6 23.Bb3 Bd5 24.Rd3 Bxb3 25.axb3 Rd5 26.Qe2 Rad8 27.b4 
g6 28.Re3 Nh5 29.Qf3 Ng7 30.g4 Qc7 31.Kg1 e5 32.Qg3 f6 33.Nb3 Ne6 34.Qf3 
Kg7 35.Ra1 Qd6 36.Nc5 Nxc5 37.bxc5 Qxc5 38.Rxa6 R8d6 39.Rxd6 Qxd6 40.Kg2 
Rd2 1/2-1/2

[Event "20th Biel Festival"]
[Site "Biel SUI"]
[Date "1987.07.26"]
[Round "11"]
[White "Gulko, Boris"]
[Black "Hort, Vlastimil"]
[Result "1/2-1/2"]
[WhiteElo "2565"]
[BlackElo "2570"]
[EventDate "1987.07.15"]
[PlyCount "37"]

1.d4 d6 2.e4 Nf6 3.Nc3 g6 4.Nge2 Bg7 5.g3 O-O 6.Bg2 e5 7.O-O c6 8.a4 Re8 
9.h3 exd4 10.Nxd4 Na6 11.Re1 Nb4 12.a5 d5 13.e5 Ne4 14.Nxe4 dxe4 15.Rxe4 
Rxe5 16.Rxe5 Bxe5 17.c3 Bxd4 18.cxd4 Be6 19.Ra4 1/2-1/2

[Event "20th Biel Festival"]
[Site "Biel SUI"]
[Date "1987.07.26"]
[Round "11"]
[White "Chandler, Murray Graham"]
[Black "Huebner, Robert"]
[Result "1-0"]
[WhiteElo "2575"]
[BlackElo "2610"]
[EventDate "1987.07.15"]
[PlyCount "53"]

1.e4 c6 2.d4 d5 3.Nd2 dxe4 4.Nxe4 Nd7 5.Ng5 Ngf6 6.Bd3 e6 7.N1f3 h6 8.Nxe6
Qe7 9.O-O fxe6 10.Bg6+ Kd8 11.Bf4 Nd5 12.Bg3 Qb4 13.Re1 Be7 14.Qe2 Bf6 15.
c4 Ne7 16.a3 Qb3 17.Bd3 Nf5 18.Bxf5 exf5 19.Qe6 Qb6 20.c5 Nxc5 21.Qd6+ Nd7
22.Ne5 Bxe5 23.Rxe5 Re8 24.Rxe8+ Kxe8 25.Re1+ Ne5 26.Rxe5+ Kf7 27.Re7+ 1-0

[Event "20th Biel Festival"]
[Site "Biel SUI"]
[Date "1987.07.26"]
[Round "11"]
[White "Polgar, Zsuzsa"]
[Black "Lobron, Eric"]
[Result "1/2-1/2"]
[WhiteElo "2485"]
[BlackElo "2530"]
[EventDate "1987.07.15"]
[PlyCount "84"]

1.d4 Nf6 2.c4 e6 3.Nf3 Bb4+ 4.Bd2 c5 5.Bxb4 cxb4 6.g3 O-O 7.Bg2 d6 8.O-O 
Re8 9.a3 Nc6 10.Nbd2 a5 11.Qb3 Bd7 12.e4 a4 13.Qd3 bxa3 14.bxa3 e5 15.Rab1
Qc7 16.Rfc1 exd4 17.Nxd4 Ne5 18.Qc3 Rac8 19.h3 h5 20.Nb5 Bxb5 21.Rxb5 Ned7
22.h4 Nc5 23.Qd4 Qe7 24.Rcb1 Qe5 25.Qxe5 dxe5 26.Kf1 Red8 27.Ke2 Rd4 28.
R1b2 Ne8 29.Rc2 Nd6 30.Rb4 Rc6 31.f3 Rd3 32.Nb1 Rb3 33.Rc3 f5 34.Rcxb3 
axb3 35.Nd2 fxe4 36.fxe4 Ra6 37.Nxb3 Nxb3 38.Rxb3 Nxc4 39.Rxb7 Rxa3 40.Bf3
Ra2+ 41.Kd3 Na5 42.Ra7 Ra3+ 1/2-1/2

[Event "20th Biel Festival"]
[Site "Biel SUI"]
[Date "1987.07.26"]
[Round "11"]
[White "Romanishin, Oleg"]
[Black "Campora, Daniel Hugo"]
[Result "1-0"]
[WhiteElo "2555"]
[BlackElo "2545"]
[EventDate "1987.07.15"]
[PlyCount "59"]

1.d4 d5 2.c4 c6 3.Nf3 Nf6 4.e3 Bg4 5.h3 Bxf3 6.Qxf3 e6 7.Nc3 Bd6 8.Bd3 O-O
9.O-O Nbd7 10.Rd1 Re8 11.e4 e5 12.exd5 exd4 13.Ne4 Nxe4 14.Bxe4 Qe7 15.
dxc6 bxc6 16.Rxd4 Ne5 17.Qg3 Bc5 18.Rd1 Qe6 19.Bf4 Nxc4 20.Re1 Qf6 21.Rac1
Bb4 22.Re2 Qd4 23.Qd3 Qxd3 24.Bxd3 Rxe2 25.Bxe2 Nxb2 26.Rxc6 a5 27.Be5 Na4
28.Bd4 Rd8 29.Rc4 Rd5 30.Bf3 1-0

[Event "20th Biel Festival"]
[Site "Biel SUI"]
[Date "1987.07.28"]
[Round "12"]
[White "Lobron, Eric"]
[Black "Gulko, Boris"]
[Result "1/2-1/2"]
[WhiteElo "2530"]
[BlackElo "2565"]
[EventDate "1987.07.15"]
[PlyCount "82"]

1.e4 e5 2.Nf3 Nc6 3.Bb5 Nf6 4.d4 exd4 5.O-O Be7 6.e5 Ne4 7.Re1 Nc5 8.Bxc6 
dxc6 9.Nxd4 O-O 10.Nc3 f5 11.exf6 Bxf6 12.Be3 Ne6 13.Nce2 Nxd4 14.Bxd4 Be6
15.Bxf6 Qxf6 16.Qd4 Rad8 17.Qxf6 Rxf6 18.Ng3 Bf5 19.Re2 Re6 20.Rxe6 Bxe6 
21.Nf1 c5 22.Ne3 Kf7 23.Kf1 Kf6 24.Ke2 g5 25.Rd1 Rd4 26.a3 Ke5 27.Rd3 a5 
28.f3 Rh4 29.h3 Rd4 30.Rc3 b6 31.Rd3 h5 32.c3 Rd6 33.Rd1 b5 34.Kf2 b4 35.
Rxd6 cxd6 36.axb4 cxb4 37.cxb4 axb4 38.Nc2 b3 39.Na3 d5 40.Nb1 Bf5 41.Nd2 
Bc2 1/2-1/2

[Event "20th Biel Festival"]
[Site "Biel SUI"]
[Date "1987.07.28"]
[Round "12"]
[White "Hort, Vlastimil"]
[Black "Romanishin, Oleg"]
[Result "1/2-1/2"]
[WhiteElo "2570"]
[BlackElo "2555"]
[EventDate "1987.07.15"]
[PlyCount "37"]

1.Nf3 Nf6 2.c4 g6 3.Nc3 d5 4.cxd5 Nxd5 5.e4 Nxc3 6.bxc3 Bg7 7.d4 c5 8.Be3 
Qa5 9.Qd2 O-O 10.Rc1 Bg4 11.Be2 Nd7 12.h3 Bxf3 13.Bxf3 Nb6 14.O-O e5 15.d5
Nc4 16.Qe2 Nxe3 17.Qxe3 c4 18.Rfd1 Rfd8 19.h4 1/2-1/2

[Event "20th Biel Festival"]
[Site "Biel SUI"]
[Date "1987.07.28"]
[Round "12"]
[White "Campora, Daniel Hugo"]
[Black "Chandler, Murray Graham"]
[Result "1/2-1/2"]
[WhiteElo "2545"]
[BlackElo "2575"]
[EventDate "1987.07.15"]
[PlyCount "55"]

1.e4 c5 2.Nf3 d6 3.d4 cxd4 4.Nxd4 Nf6 5.Nc3 a6 6.Be2 e5 7.Nb3 Be7 8.O-O 
O-O 9.a4 Be6 10.Be3 Nc6 11.a5 Nb4 12.Bb6 Qd7 13.Bf3 Rac8 14.Re1 Bd8 15.Be3
Be7 16.Ba7 Rfe8 17.Re2 Rc4 18.Nd2 Rcc8 19.Nf1 Nc6 20.Bb6 Bd8 21.Nd5 Bxd5 
22.exd5 Nxa5 23.Bxa5 Bxa5 24.Rxa5 e4 25.Bxe4 Nxe4 26.Ra3 Nf6 27.Rxe8+ Qxe8
28.Ne3 1/2-1/2

[Event "20th Biel Festival"]
[Site "Biel SUI"]
[Date "1987.07.29"]
[Round "13"]
[White "Romanishin, Oleg"]
[Black "Lobron, Eric"]
[Result "1-0"]
[WhiteElo "2555"]
[BlackElo "2530"]
[EventDate "1987.07.15"]
[PlyCount "75"]

1.Nf3 d5 2.d4 Nf6 3.c4 e6 4.g3 c5 5.Bg2 Nc6 6.O-O Be7 7.dxc5 Bxc5 8.a3 O-O
9.b4 Bb6 10.Bb2 Qe7 11.Nbd2 Rd8 12.Qc2 h6 13.Rad1 a6 14.e4 dxc4 15.Nxc4 
Rxd1 16.Rxd1 Ba7 17.Nfe5 Nxe5 18.Nxe5 Bb6 19.Bd4 Bxd4 20.Rxd4 Kf8 21.Qd2 
Ke8 22.Bf3 Bd7 23.Bh5 g6 24.Qxh6 gxh5 25.Qh8+ Qf8 26.Qxf6 Bb5 27.a4 Bxa4 
28.Nc4 Bc6 29.Nd6+ Kd7 30.Nxb7+ Kc7 31.Na5 Bb5 32.Qe5+ Kc8 33.Nc4 Bxc4 34.
Rxc4+ Kd8 35.Qc7+ Ke8 36.Rd4 Qh8 37.e5 Kf8 38.Rd8+ 1-0